000 00929nam a22002537a 4500
999 _c3745
_d3745
003 AR-CdUCM
008 190307b ||||| |||| 00| 0 spa d
040 _aMUNICIPALIDAD PROVINCIAL DEL CUSCO
_cBIBLIOTECA MUNICIPAL DEL CUSCO
041 _heng
082 _a341.1 /
_bL68
100 _aLippmann, Walter
_912107
245 _aRetorno a la libertad /
260 _aMexico :
_bHispano-Americano,
_c1940.
300 _a441 páginas ;
_c25 cm.
505 _aEl dogma dominante de la época -- Los dioses de la maquina -- El gobierno de la prosperidad -- El movimiento colectivista -- Regímenes totalitarios...
650 _aRetorica.
_912108
650 _aDesarrollo social.
_91131
650 _aRegímenes totalitarios.
_912109
650 _aFormas de gobierno.
_912110
650 _aConstrucción capitalista.
_912111
700 _aMontes de Oca, Luis (traductor)
_912112
942 _2ddc
_cLIBROS
945 _awfj
_d2019-03-07